00000000nam 2200000zi 4500
0019.929439
003CaOODSP
00520250131153759
006m     o  d f      
007cr mn|||||||||
008231025e202312##quca    obs  f000 0 eng d
020 |a9780660684789
040 |aCaOODSP|beng|erda|cCaOODSP
043 |an-cn---
045 |ax7y2
0861 |aEn4-144/83-2023E-PDF
24500|aCanadian environmental sustainability indicators : |bchanges in the status of wildlife species at risk.
24630|aChanges in the status of wildlife species at risk
264 1|aGatineau QC : |bEnvironment and Climate Change Canada = Environnement et changement climatique Canada, |cDecember 2023.
264 4|c©2023
300 |a1 online resource (13 pages) : |bcolour illustration
336 |atext|btxt|2rdacontent
337 |acomputer|bc|2rdamedia
338 |aonline resource|bcr|2rdacarrier
500 |aIssued also in French under title: Indicateurs canadiens de durabilité de l'environnement : changement de statut des espèces sauvages en péril.
504 |aIncludes bibliographical references (pages 9-10).
520 |a"Wildlife species are essential to the integrity of ecosystems. However, some wildlife species are at risk of disappearing from Canada. Wildlife species that are thought to be at risk are assessed periodically. This indicator reports on changes in the status of wildlife species at risk when they are reassessed. Changes in status over time may help determine whether conditions for these wildlife species are improving"--Page 5.
650 0|aEndangered species|zCanada|vStatistics.
650 0|aEnvironmental indicators|zCanada.
655 7|aStatistics|2lcgft
7101 |aCanada. |bEnvironment and Climate Change Canada, |eissuing body.
77508|tIndicateurs canadiens de durabilité de l'environnement : |w(CaOODSP)9.929441
794 |tCanadian environmental sustainability indicators : |b[January 2025 edition]|w(CaOODSP)9.945092
795 |tCanadian environmental sustainability indicators : |b2022|w(CaOODSP)9.915382
85640|qPDF|s368 KB|uhttps://publications.gc.ca/collections/collection_2024/eccc/en4/En4-144-83-2023-eng.pdf
8564 |qHTML|sN/A|uhttps://www.canada.ca/en/environment-climate-change/services/environmental-indicators/changes-status-wildlife-species-risk.html
986 |aEC23015